000
00329nam a22001457a 4500
003
SGT
082
_a
370
_b
P14G
100
_a
GUPTA, MAMTA
245
_a
PHILOSOPHICAL AND SOCIOLOGICAL PERSPECTIVE EDUCATION
250
_a
1ST
260
_a
NEW DELHI
_b
LAKSHAY PUB
_c
2014
300
_a
92
650
_a
EDUCATION
942
_2
ddc
_c
BK
999
_c
11754
_d
11754